Optimalizácia kontroly a merania závitov

Gespeichert in:
Bibliographische Detailangaben
1. Verfasser: Rybář, Jan (Verfasst von)
Weitere Verfasser: Ďuriš, Stanislav (Betreuung Doktorarbeit)
Format: Manuskript Buch
Sprache:Slowakisch
Tschechisch
Veröffentlicht: 2016
Schlagworte:
Online-Zugang:http://is.stuba.sk/zp/portal_zp.pl?podrobnosti=120572
Tags: Tag hinzufügen
Keine Tags, Fügen Sie das erste Tag hinzu!

MARC

LEADER 00000ntm a22000003a 4500
001 stuzp57898
003 SK-STU
005 20160719155410.8
007 ta
008 150427s2015----xo-----f-mn---000-0-slo-d
040 |a STU  |b slo 
041 0 |a cze 
100 1 |a Rybář, Jan  |u 020020  |k Z4  |4 aut  |U SjF Strojnícka fakulta  |T SjF Ústav automatizácie, merania a aplikovanej informatiky  |X 42048  |U J0020  |Y 802  |7 A000042048 
242 0 1 |a Optimalizácia kontroly a merania závitov  |y slo 
242 0 1 |a Optimisation of thread inspection and measurement  |y eng 
245 1 0 |a Optimalizácia kontroly a merania závitov 
260 |c 2016 
650 4 |a meranie  |2 slo 
650 4 |a metrický  |2 slo 
650 4 |a Volkswagen  |2 slo 
650 4 |a konturograf  |2 slo 
650 4 |a závit  |2 slo 
650 4 |a konturograf  |2 cze 
650 4 |a měření  |2 cze 
650 4 |a metrický  |2 cze 
650 4 |a Volkswagen  |2 cze 
650 4 |a závit  |2 cze 
650 4 |a thread  |2 eng 
650 4 |a contourograph  |2 eng 
650 4 |a measurement  |2 eng 
650 4 |a metric  |2 eng 
650 4 |a Volkswagen  |2 eng 
700 1 |a Ďuriš, Stanislav  |u 020020  |k Z1  |4 ths  |U SjF Strojnícka fakulta  |T SjF Ústav automatizácie, merania a aplikovanej informatiky  |X 36537  |U J0020  |Y 802  |7 A000036537 
856 4 |u http://is.stuba.sk/zp/portal_zp.pl?podrobnosti=120572 
996 |b 284J044074  |c J* 2364/DP  |l JJSK  |s A  |a 24  |w stuzp57898_0001 
SQL |a stuzp57898  |b DDP  |c CZE  |d Optimalizácia kontroly a merania závitov  |e 42048  |f Rybář, Jan  |g 020020  |h 36537  |i Ďuriš, Stanislav  |j 20160615  |k 648  |l 02  |m http://is.stuba.sk/zp/portal_zp.pl?podrobnosti=120572  |n I-MESK  |o 5.2.53. meranie